Введение в специальность (для студентов специальности 036401 "Таможенное дело"): учебное пособие

Dettagli Bibliografici
Autore principale: Минакова И. В. Ирина Вячеславна
Altri autori: Тихомиров М. Е. Максим Евгеньевич, Коварда В. В. Владимир Васильевич
Riassunto:Целью издания является формирование целостного взгляда на основы таможенной службы России. Учебное пособие «Введение в специальность (для студентов специальности 036401 "Таможенное дело")» отличается комплексным рассмотрением сущности таможенных органов и таможенной деятельности в современных условиях. Разработка данного учебного пособия поможет разрешить и предупредить многочисленные трудности, с которыми сталкиваются студенты в своей познавательной деятельности. Теоретический материал включает многочленные ссылки на действующие нормативно-правовые акты, что делает его более интересным и придает рассматриваемым проблемам животрепещущий характер. Каждая тема сопровождена перечнем вопросов для самопроверки и обсуждения. Лучшее усвоение курса, формирование и закрепление его понятийного аппарата обеспечат включенные в учебное пособие контрольные вопросы.
Lingua:russo
Pubblicazione: Санкт-Петербург, Интермедия, 2014
Soggetti:
Natura: MixedMaterials Libro
KOHA link:https://koha.lib.tpu.ru/cgi-bin/koha/opac-detail.pl?biblionumber=243924

MARC

LEADER 00000nam0a2200000 4500
001 243924
005 20231101232016.0
010 |a 9785438300571 
035 |a (RuTPU)RU\TPU\book\265279 
090 |a 243924 
100 |a 20131009d m y0rusy50 ca 
101 0 |a rus 
102 |a RU 
105 |a y j 000zy 
200 1 |a Введение в специальность (для студентов специальности 036401 "Таможенное дело")  |e учебное пособие  |f И. В. Минакова, М. Е. Тихомиров, В. В. Коварда 
210 |a Санкт-Петербург  |c Интермедия  |d 2014 
215 |a 76 с. 
330 |a Целью издания является формирование целостного взгляда на основы таможенной службы России. Учебное пособие «Введение в специальность (для студентов специальности 036401 "Таможенное дело")» отличается комплексным рассмотрением сущности таможенных органов и таможенной деятельности в современных условиях. Разработка данного учебного пособия поможет разрешить и предупредить многочисленные трудности, с которыми сталкиваются студенты в своей познавательной деятельности. Теоретический материал включает многочленные ссылки на действующие нормативно-правовые акты, что делает его более интересным и придает рассматриваемым проблемам животрепещущий характер. Каждая тема сопровождена перечнем вопросов для самопроверки и обсуждения. Лучшее усвоение курса, формирование и закрепление его понятийного аппарата обеспечат включенные в учебное пособие контрольные вопросы. 
606 1 |a Таможенное дело  |x Экономика  |2 stltpush  |3 (RuTPU)RU\TPU\subj\69328  |9 84236 
610 1 |a таможенная деятельность 
610 1 |a таможня 
610 1 |a таможенные органы 
610 1 |a должностные лица 
610 1 |a Российская Федерация 
610 1 |a внешнеторговая деятельность 
610 1 |a внешнеэкономические сделки 
610 1 |a таможенная стоимость 
610 1 |a таможенные операции 
610 1 |a учебные пособия 
686 |a У9(2)428я73  |v LBC/SL-A  |2 rubbk 
700 1 |a Минакова  |b И. В.  |g Ирина Вячеславна 
701 1 |a Тихомиров  |b М. Е.  |g Максим Евгеньевич 
701 1 |a Коварда  |b В. В.  |g Владимир Васильевич 
801 1 |a RU  |b 63413507  |c 20131009 
801 2 |a RU  |b 63413507  |c 20150626  |g RCR 
942 |c BK 
959 |a 129/20131009  |d 7  |e 350,00  |f ЧЗГЛ:1  |f АНЛ:1  |f УФ:5